|
|
|
|
| LEADER |
00000nam0a2200000 4500 |
| 001 |
168191 |
| 005 |
20231101222736.0 |
| 010 |
|
|
|a 8497400240
|
| 035 |
|
|
|a (RuTPU)RU\TPU\book\182480
|
| 090 |
|
|
|a 168191
|
| 100 |
|
|
|a 20091026d2002 m y0icey50 ba
|
| 101 |
0 |
|
|a spa
|
| 102 |
|
|
|a ES
|
| 105 |
|
|
|a a j 001zy
|
| 200 |
1 |
|
|a El Cid Campeador
|f edicion a cargo de F. L. Estrada, J. R. Verdeguer
|
| 210 |
|
|
|a Madrid
|c Castalia Prima
|d 2002
|
| 215 |
|
|
|a 150 p.
|c ил.
|
| 320 |
|
|
|a Bibliography: p. 145-147
|
| 606 |
1 |
|
|a Испанский язык
|x Учебные пособия
|2 stltpush
|3 (RuTPU)RU\TPU\subj\13212
|9 39861
|
| 610 |
1 |
|
|a книги для чтения
|
| 610 |
1 |
|
|a домашнее чтение
|
| 610 |
1 |
|
|a художественная литература
|
| 610 |
1 |
|
|a историческая проза
|
| 610 |
1 |
|
|a историческая поэтика
|
| 610 |
1 |
|
|a стихи
|
| 686 |
|
|
|a Ш147.21-923
|v LBC/SL-A
|2 rubbk
|
| 702 |
|
1 |
|a Estrada
|b F. L.
|4 340
|
| 702 |
|
1 |
|a Verdeguer
|b J. R.
|4 340
|
| 801 |
|
1 |
|a RU
|b 63413507
|c 20091026
|
| 801 |
|
2 |
|a RU
|b 63413507
|c 20220524
|g RCR
|
| 942 |
|
|
|c BK
|